000 00715nam a2200217Ii 4500
003 JO-AjNU
008 230605s9999||||xx |||||||||||||| ||und||
017 _a1974/1834
040 _aJO-AjNU
_bara
_erda
_cJO-AjNU
041 _aara
050 1 4 _aHF 5653.N2 1979
100 3 _aنجاتي، كمال عبد الحميد,
_eauthor
_935194
245 0 0 _aاصول المحاسبة في المشروعات الفردية
250 _aط2
264 3 1 _aالقاهرة : مكتبة الطليعة،1979
300 _a600ص
336 _atext
_btxt
_2rdacontent
337 _aunmediated
_bn
_2rdamedia
338 _avolume
_bnc
_2rdacarrier
650 4 _aالمحاسبة - المشروعات الصغيرة
_935195
999 _aA14505
_c18073
_d18073